Pozycja Personal Name
Liczba rekordów, w których użyto hasła: 1
001 - Numer kontrolny
- control field: 39689
003 - Identyfikator numeru kontrolnego
- control field: NUKAT
005 - Data i czas ostatniej modyfikacji
- control field: 20260408194528.0
008 - Dane kontrolne kodowane (40 znaków)
- fixed length control field: 050120n||azznnbabn |a aaa |
010 ## - Numer kontrolny Biblioteki Kongresu
- numer kontrolny LC: p 2004409849
024 7# - OTHER STANDARD IDENTIFIER
- Standard number or code: 56739101
- Source of number or code: viaf
035 ## - Numer systemowy
- numer systemowy: a11803071
035 ## - Numer systemowy
- numer systemowy: (PL)a0000001180307
040 ## - Instytucja sporządzająca rekord
- inst. przygot. dane do rek. khw: WA N
- język haseł przedmiotowych/tezaurus: DBN
- inst. wprow. rek. khw: WA N
043 ## - Kod obszaru geograficznego
- ISO code: PL
046 ## - Special dates
- Birth date: 1750
- Death date: 1812
100 1# - Hasło - nazwa osobowa
- nazwa osobowa w formie ujednoliconej: Kołłątaj, Hugo
- daty biograficzne: (1750-1812)
370 ## - Associated place
- Country: Polska
370 ## - Associated place
- Country: Ukraina
370 ## - Associated place
- Place of birth: Dederkały Wielkie (Ukraina, obw. tarnopolski, rej. szumski)
370 ## - Associated place
- Place of death: Warszawa (woj. mazowieckie)
372 ## - Field of activity
- Field: Filozofia oświecenia
372 ## - Field of activity
- Field: Katolicyzm
372 ## - Field of activity
- Field: Polityka
372 ## - Field of activity
- Field: Oświata
374 ## - Occupation
- Occupation: Duchowieństwo katolickie
374 ## - Occupation
- Occupation: Filozofowie i filozofki
374 ## - Occupation
- Occupation: Politycy
375 ## - Gender
- Gender: 1
- Source of term: iso5218
377 ## - Assoc lang
- Lang code: pol
- Lang code: fre
- Lang code: lat
400 1# - Trop zob. - nazwa osobowa
- nazwa osobowa (nazwisko, imiona): Kołłontaj, Hugo
400 0# - Trop zob. - nazwa osobowa
- nazwa osobowa (nazwisko, imiona): H. K.
- daty biograficzne: (1750-1812)
400 1# - Trop zob. - nazwa osobowa
- nazwa osobowa (nazwisko, imiona): Kołłątaj, H.
400 0# - Trop zob. - nazwa osobowa
- nazwa osobowa (nazwisko, imiona): Sztumberg
670 ## - Źródło informacji
- źródło informacji: PSB
670 ## - Źródło informacji
- źródło informacji: Encyklopedja Powszechna / Orgelbrand S. - Warszawa, 1900.